000 00532nam a22001817a 4500
003 OSt
005 20150713145654.0
008 150713b xxu||||| |||| 00| 0 eng d
020 _a013048704X
040 _aSEKU
050 _aT 385
_b.A4
245 _aAdobe illustrator 10 :
_bintroduction to digital illustration/against the clock.
260 _aUpper Saddle River, NJ :
_bPrentice Hall,
_cc2003.
300 _a328 p. :
_bill.
650 _aComputer graphics
650 _aAdobe illustrator (computer file)
942 _2lcc
_cGEN
999 _c5744
_d5744